<?xml version="1.0" encoding="UTF-8"?>
<marc:record xmlns:marc="http://www.loc.gov/MARC21/slim">
   <marc:leader>00000nam a2200000 a 4500</marc:leader>
   <marc:datafield ind1="1" ind2=" " tag="100">
      <marc:subfield code="a">Hula, Saskia</marc:subfield>
      <marc:subfield code="4">aut</marc:subfield>
      <marc:subfield code="e">Verfasser/-in</marc:subfield>
   </marc:datafield>
   <marc:datafield ind1="0" ind2="0" tag="245">
      <marc:subfield code="a">Basti bleibt am Ball</marc:subfield>
   </marc:datafield>
   <marc:datafield ind1="0" ind2="0" tag="245">
      <marc:subfield code="c">Hula, Saskia</marc:subfield>
   </marc:datafield>
   <marc:datafield ind1=" " ind2="1" tag="264">
      <marc:subfield code="a">Innsbruck</marc:subfield>
      <marc:subfield code="b">Obelisk-Verl.</marc:subfield>
      <marc:subfield code="c">2005</marc:subfield>
   </marc:datafield>
   <marc:datafield ind1="1" ind2=" " tag="520">
      <marc:subfield code="a">Basti der Basketballer, ist der bewunderte große Bruder des 8-jährigen Lorenz, der in allem so sein will wie dieser. (ab 7) (JE)      "Wumm wumm wumm" - das ewige Dröhnen des Basketballs im Haus gefällt nur dem 8-jährigen Ich-Erzähler Lorenz. Papa verzieht sich in den ausgebauten Keller, Mama droht mit dem Ausziehen und die 12-jährige Mona vergräbt sich in ihrem Zimmer. Lorenz träumt davon, ebenfalls ein Basketballer zu sein. Doch nach einem Sportunfall mit Nasenbruch scheint auch eine Karriere als Jongleur möglich</marc:subfield>
   </marc:datafield>
   <marc:datafield ind1=" " ind2=" " tag="020">
      <marc:subfield code="a">9783851974881</marc:subfield>
      <marc:subfield code="9">9783851974881</marc:subfield>
   </marc:datafield>
   <marc:datafield ind1=" " ind2=" " tag="020">
      <marc:subfield code="a">3851974883</marc:subfield>
      <marc:subfield code="9">3851974883</marc:subfield>
   </marc:datafield>
   <marc:datafield ind1=" " ind2=" " tag="041">
      <marc:subfield code="a">ger</marc:subfield>
   </marc:datafield>
   <marc:datafield ind1=" " ind2=" " tag="338">
      <marc:subfield code="a">Band</marc:subfield>
   </marc:datafield>
   <marc:datafield ind1=" " ind2=" " tag="300">
      <marc:subfield code="a">70 S. : Ill.</marc:subfield>
   </marc:datafield>
</marc:record>
